|
|
|
|
| LEADER |
00000nam0a2200000 4500 |
| 001 |
253720 |
| 005 |
20231031214547.0 |
| 010 |
|
|
|a 5020163864
|
| 020 |
|
|
|a RU
|b 89-48360
|
| 035 |
|
|
|a (RuTPU)RU\TPU\book\276129
|
| 090 |
|
|
|a 253720
|
| 100 |
|
|
|a 20140315d1989 k a0rusy5003 ca
|
| 101 |
0 |
|
|a rus
|
| 102 |
|
|
|a RU
|
| 105 |
|
|
|a y z 001zy
|
| 200 |
1 |
|
|a Промышленность стран Северной Африки
|e особенности развития в условиях независимости
|f М. В. Ермолаева, Л. Н. Калиниченко
|g Академия наук СССР (АН СССР), Институт Африки (ИАф)
|
| 210 |
|
|
|a Москва
|c Наука
|d 1989
|
| 215 |
|
|
|a 158 с.
|
| 333 |
|
|
|a Исключено из фонда НТБ ТПУ
|
| 700 |
|
1 |
|a Ермолаева
|b М. В.
|g Маргарита Всеволодовна
|
| 701 |
|
1 |
|a Калиниченко
|b Л. Н.
|g Людмила Николаевна
|
| 712 |
0 |
2 |
|a Академия наук СССР (АН СССР)
|b Институт Африки (ИАф)
|c (Москва)
|
| 801 |
|
0 |
|a RU
|b RuMRKP
|c 19950417
|g psbo
|
| 801 |
|
1 |
|a RU
|b 63413507
|c 20140315
|
| 801 |
|
2 |
|a RU
|b 63413507
|c 20220413
|g RCR
|
| 942 |
|
|
|c BK
|